00357nam a2200145Ia 4500003000400000008004100004040001600045082001300061100001700074245004300091260003000134300001000164650001500174650002200189GCL140319s9999 xx 000 0 eng d aGCL / cGCL04a843bG E1 aGARY, ROMAIN10aEDUCATION EEUROPEENNE / cGARY, ROMAIN a[S.N] : bFOLIO ، c1994 a281 P04aLITERATURE04aFRENCH LITERATURE